00318nam a2200121Ia 450000500170000000800410001704100080005808200160006610000290008224500260011126000470013765000120018420250729165808.0250729s2017 xx 000 0 und d akan a494.50 AJAA aAjapura Karnataka Sangha aAjapurada Agraganyaru aBramhavarabAjapura Karnataka Sanghac2017 aKannada